Película en vuelo /

Guardado en:
Formato: Deslizar
Series:La Hora de la Bbc
Materias:
Etiquetas: Agregar Etiqueta
Sin Etiquetas, Sea el primero en etiquetar este registro!
LEADER 01007ngm a22003015g 4500
001 CEM.cems021396
008 130507b1992##################0###0#####d
005 20240822154357.0
245 0 0 |a Película en vuelo / 
300 |a 28 
490 0 |a La Hora de la Bbc 
500 |a En soporte VHS, consultar en ventanilla. 
505 0 |a Proceso del vuelo en las aves. Uso de las alas. Técnicas de vuelo de distintas clases de aves. Uso del viento. Las patas. Cisnes. Buitres. Adaptación de las alas al medio y los hábitos de vida. 
538 |a Soporte: VHS - Norma: Pal N - Color - Grabación Drd 1992 - Hitachi=4895 
082 5 9 |. 5/BBC 
653 |a NIVEL PRIMARIO 
653 |a NIVEL SECUNDARIO 
653 |a ZOOLOGIA 
653 |a ECOLOGIA 
653 |a AVES 
653 |a VUELO 
653 |a ALAS 
653 |a COMPORTAMIENTO ANIMAL 
653 |a CISNES 
653 |a BUITRES 
653 |a PATAS 
653 |a ANIMALES 
859 |a CEMS  |b BIB. CEMS - Depto. Recursos Didacticos  |h 591.5  |i BBC  |k DRD  |p 39.12  |t Ej.1